000 004550000a22001930004500
003 LK-CoMWRAF
005 20231114183214.0
008 230817t1991 ||||| |||| 00| 0 eng d
020 _a0385269366
040 _aLK-CoMWRAF
_dLK-CoMWRAF
_eLK-CoMWRAF
041 _aeng
082 _a892.73
_bMAH
100 _aMahfouz, Naguib
245 _aPalace of Desire
260 _aLondon :
_bTransworld,
_c1991
300 _a422p
650 _aArabian
942 _cBK
999 _c697
_d697